000 00339nam a2200121Ia 4500
008 240731s9999 xx 000 0 und d
022 _a1464-5114
245 0 _aEntrepreneurship & Regional Development : An International Journal
260 _bRoutledge
856 _uhttps://www.tandfonline.com/loi/tepn20
942 _2ddc
942 _cTFEJ
999 _c76440
_d76440
945 _a1
_bMadushi Gamage
_c1
_dMadushi Gamage